000 00526nam a2200217Ia 4500
003 OSt
005 20221007082448.0
006 a|||||r|||| 00| 0
007 ta
008 221006b |||||||| |||| 00| 0 eng d
024 _a26,164
037 _cTextual
040 _aFLL
_cFLL
_beng
041 _2eng
_aeng
082 _aX7:8F.2.N80t,E, M.2
245 0 _aEstimates committee
260 _c1982
300 _avii,1-166p
_ccm.
942 _hX7:8F.2.N80t,E, M.2
_cTEXL
_2CC
999 _c1166512
_d1166512